Movies Quiz

Random Movies or Disney Quiz
Score 0/20 Timer 06:00
2 Plays Today
Question Answer % Correct
What accessory does Princess/Queen Elsa wear in order to control her cryokinetic powers????
91.7%
What kind of creatures are Grand Pabbie and the rest of Kristoff's adoptive family????
90.1%
At what event are Queen Elsa's powers revealed to the public????
89.6%
What is the name of the kingdom in which Princess Elsa and Princess Anna live????
87.7%
What type of animal is Kristoff's sidekick, Sven????
87.1%
What food does Olaf refer to when describing the snow monster Queen Elsa conjured up????
85.1%
How many siblings does Prince Hans have????
83.3%
When asked what color Prince Hans's eyes are, Princess Anna responds????
82.9%
What feature is the snowman Olaf initially missing????
82.6%
Which song was NOT featured in the film????
82.4%
Question Answer % Correct
What do the citizens of the kingdom do at the end of the film????
82.3%
Who voices Princess Elsa????
81.8%
Where does Queen Elsa construct her ice castle while in self-imposed exile????
81.8%
What is the name of the place where Princess Anna and Kristoff first meet????
77.6%
What is the royal title of the man from Weselton who wishes to exploit Queen Elsa's resources for profit????
75.1%
What weapon does Prince Hans use to attempt to kill Queen Elsa????
73.2%
What does Olaf question Anna's knowledge of doing as she prepares to enter Queen Elsa's ice castle????
72.1%
The film was based on which author's story, titled, 'The Snow Queen'????
66.5%
With what crime does Prince Hans charge Queen Elsa, sentencing her to death????
65.5%
What part of Princess Anna's body is first frozen by Princess Elsa????
59.1%

You're not logged in!

Compare scores with friends on all Sporcle quizzes.
OR
Log In

Sporcle TV

Today on Sporcle TV


Watch our educational content, quiz creation guides, and fun videos on Sporcle TV.

Show Comments

Extras

Top Quizzes Today


Score Distribution

Paid Content

Your Account Isn't Verified!

In order to create a playlist on Sporcle, you need to verify the email address you used during registration. Go to your Sporcle Settings to finish the process.

Report this User

Report this user for behavior that violates our Community Guidelines.

Details: